000 00469nam a22001817a 4500
003 CEME
005 20210628203258.0
008 210125b xxu||||| |||| 00| 0 eng d
020 _a978007-0617391
040 _c.
082 _a621.902 JOS
100 _aJoshi, P.H
_961838
245 _aMachine tools handbook, desing and operation
260 _aINDIA
_bTATA MCGRAW HILL
_c2009
300 _aXIV,730P
650 _aMACHINE TOOLS HANDBOOK
_964464
942 _cBK
_2ddc
999 _c572943
_d572943